| 000 | 01127nam a22003617a 4500 | ||
|---|---|---|---|
| 001 | 0001127 | ||
| 003 | KOHA_MİRAKIL | ||
| 005 | 20260207001231.0 | ||
| 007 | ta | ||
| 008 | 081212b2008 tu |||gr||||#||||0|tur | | ||
| 020 |
_a9758768077 _cYTL15,69 |
||
| 040 |
_aTR-BiSEU _btur _cTR-BiSEU _erda |
||
| 041 | 0 | _atur | |
| 044 | _ctu | ||
| 050 |
_aHF5547 _b.S25 2008 |
||
| 100 | 1 | _aŞakar, Özlem. | |
| 245 | 1 |
_aBüro yönetimi ve iletişim teknikleri/ _cÖzlem Şakar ; Özlem Şakar, Nazife Küçükaslan. |
|
| 250 | _a5. bs. | ||
| 264 | 1 |
_aBursa : _bEkin Kitabevi _c2008 |
|
| 300 | _a296 sayfa | ||
| 336 |
_ametin _btxt _2rdacontent |
||
| 337 |
_aaracısız _bn _2rdamedia |
||
| 338 |
_acilt _bnc _2rdacarrier |
||
| 650 | 0 |
_aOffice Management. _93091 |
|
| 650 | 0 |
_aOffice Practice--Automation. _93092 |
|
| 650 | 0 |
_aManagement information systems. _93093 |
|
| 650 | 0 |
_aCommunication in Organization. _93094 |
|
| 650 | 0 |
_aBüro yönetimi. _92456 |
|
| 650 | 0 |
_aBüro uygulamaları--Otomasyon. _93095 |
|
| 650 | 0 |
_aYönetim bilişim sistemleri. _93096 |
|
| 650 | 0 |
_aİletişim, Örgütlerde. _92828 |
|
| 942 |
_2lcc _cBK |
||
| 999 |
_c1122 _d1122 |
||